000 00575nam a2200205 4500
003 OSt
005 20240730050229.0
006 a
008 240730b |||||||| |||| 00| 0 eng d
020 _a9780071289306
040 _aDWCL-Main lib.
_cOC
082 _aCirc. 621.317 H325p 2011
100 _aHart, Daniel W.
245 _aPower electronics /
260 _aN.Y. :
_bMcGraw-Hill,
_cc2011.
300 _axiii,
_b477 p. : ill. ;
_c24 cm.
504 _aIncludes bibliographical references & index.
650 _a1. Power electronics
942 _2ddc
_n0
_cBK-CIRC
_kCirc.
999 _c2952
_d2952